000 00458nam a2200157Ia 4500
999 _c19602
_d19602
003 OSt
005 20200603102240.0
008 190216s9999||||xx |||||||||||||| ||und||
040 _coclc
082 _a320.954
_bBAH/I
100 _aBahadur, Lal
_92499
245 0 _aIndian Freedom Movement And Thought /
_cLal Bahadur
260 _bSterling Publications,
_c1983.
300 _a443p
942 _cBK
_2ddc
_h320.954
_iBAH/I
_k320.954
_mBAH/I